Generación eléctrica con recursos hidráulicos en sistemas aislados, en el área rural / (Registro nro. 2350)
[ vista simple ]
| 000 -LEADER | |
|---|---|
| campo de control de longitud fija | 01876nam a22003497a 4500 |
| 001 - NÚMERO DE CONTROL | |
| campo de control | 42835 |
| 003 - IDENTIFICADOR DE NÚMERO DE CONTROL | |
| campo de control | gtgccic |
| 005 - FECHA Y HORA DE LA ÚLTIMA TRANSACCIÓN | |
| campo de control | 20251015123723.0 |
| 007 - CAMPO FIJO DE DESCRIPCIÓN FÍSICA--INFORMACIÓN GENERAL | |
| campo de control de longitud fija | ta |
| 008 - DATOS DE LONGITUD FIJA--INFORMACIÓN GENERAL | |
| campo de control de longitud fija | 251015b gt ||||| |||| 00| 0 spa d |
| 040 ## - FUENTE DE CATALOGACIÓN | |
| Centro catalogador/agencia de origen | gtgccic |
| Lengua de catalogación | spa |
| Centro/agencia transcriptor | gtgccic |
| Normas de descripción | rda |
| 084 ## - OTRO NÚMERO DE CLASIFICACIÓN | |
| Número de control del registro de autoridad o número normalizado | TPI-15-0069 |
| 100 10 - ENTRADA PRINCIPAL--NOMBRE DE PERSONA | |
| Nombre de persona | René Alejandro Morales Choc |
| Fechas asociadas al nombre | Ingeniero Civil |
| Término indicativo de función/relación | autor |
| 245 10 - MENCIÓN DEL TÍTULO | |
| Título | Generación eléctrica con recursos hidráulicos en sistemas aislados, en el área rural / |
| Mención de responsabilidad, etc. | Morales Choc, René Alejandro |
| 264 #1 - PRODUCCIÓN, PUBLICACIÓN, DISTRIBUCIÓN, FABRICACIÓN Y COPYRIGHT | |
| Producción, publicación, distribución, fabricación y copyright | Guatemala, Guatemala : |
| Nombre del de productor, editor, distribuidor, fabricante | USAC, Facultad de Ingeniería ; |
| Fecha de producción, publicación, distribución, fabricación o copyright | 2015.- |
| 300 ## - DESCRIPCIÓN FÍSICA | |
| Extensión | XLVI, 60 p. : |
| Otras características físicas | il. ; |
| Dimensiones | 27 cm |
| 336 ## - TIPO DE CONTENIDO | |
| Fuente | rdacontenido |
| Término de tipo de contenido | Texto |
| Código de tipo de contenido | txt |
| 337 ## - TIPO DE MEDIO | |
| Fuente | rdamedio |
| Nombre/término del tipo de medio | sin mediación |
| Código del tipo de medio | n |
| 338 ## - TIPO DE SOPORTE | |
| Fuente | rdasoporte |
| Nombre/término del tipo de soporte | volumen |
| Código del tipo de soporte | nc |
| 502 ## - NOTA DE TESIS | |
| Nota de tesis | Tesis Postgrado |
| Tipo de título | MAESTRO EN ENERGÍA Y AMBIENTE |
| Nombre de la institución que otorga el título | USAC, Facultad de Ingeniería, Escuela de Postgrado |
| Año de obtención del título | 2015 |
| Identificador de la tesis | TPI-15-0069 |
| 504 ## - NOTA DE BIBLIOGRAFÍA, ETC. | |
| Nota de bibliografía, etc. Nota | Bibliografía pag. 51 |
| 505 ## - NOTA DE CONTENIDO CON FORMATO | |
| Título | 1. MARCO TEÓRICO Y CONCEPTUAL |
| 505 ## - NOTA DE CONTENIDO CON FORMATO | |
| Título | 2. PRESENTACIÓN DE LA INFORMACIÓN RECOLECTADA |
| 505 ## - NOTA DE CONTENIDO CON FORMATO | |
| Título | 3. PRESENTACIÓN DE RESULTADOS |
| 505 ## - NOTA DE CONTENIDO CON FORMATO | |
| Título | 4. DISCUSIÓN DE RESULTADOS |
| 520 ## - RESUMEN, ETC. | |
| Sumario, etc. | El consumo de energía es uno de los grandes medidores del progreso y bienestar de una sociedad, un modelo económico como el actual, cuyo funcionamiento depende de un continuo crecimiento, exige también una demanda igualmente creciente de la misma. Por otra parte, el empleo de las fuentes de energía actuales como el petróleo, gas natural o carbón acarrea consigo problemas ambientales o el aumento de los gases de efecto invernadero, por lo que se propone en el presente estudio de investigación, la utilización de una fuente de energía renovable limpia como lo es el recurso hidráulico. |
| 650 ## - PUNTO DE ACCESO ADICIONAL DE MATERIA--TÉRMINO DE MATERIA | |
| Término de materia o nombre geográfico como elemento de entrada | ENERGÍA ELÉCTRICA |
| 650 ## - PUNTO DE ACCESO ADICIONAL DE MATERIA--TÉRMINO DE MATERIA | |
| Término de materia o nombre geográfico como elemento de entrada | RECURSOS HÍDRICOS |
| 700 ## - ENTRADA AGREGADA--NOMBRE PERSONAL | |
| Nombre de persona | MSc. Hugo Rodas Marotta |
| Término indicativo de función/relación | asesor |
| 942 ## - ELEMENTOS DE ENTRADA SECUNDARIOS (KOHA) | |
| Fuente de la clasificación o esquema de estantería | Clasificación Decimal Dewey |
| Tipo de ítem Koha | TESISPOSTGRADO |
| 945 ## - PROCESAMIENTO DE INFORMACIÓN LOCAL (OCLC) | |
| a | amlo |
| Estatus retirado | Estado de pérdida | Fuente de la clasificación o esquema de estantería | Estado de daño | No para préstamo | Biblioteca de origen | Biblioteca actual | Fecha de adquisición | Número de inventario | Total de préstamos | Signatura topográfica completa | Código de barras | Visto por última vez | Precio de reemplazo | Tipo de ítem Koha | Nota pública |
|---|---|---|---|---|---|---|---|---|---|---|---|---|---|---|---|
| Clasificación Decimal Dewey | CENTRO DE INFORMACIÓN A LA CONSTRUCCIÓN-CICON | CENTRO DE INFORMACIÓN A LA CONSTRUCCIÓN-CICON | 15/10/2025 | P20150069 | TPI-15-0069 | 20150069 | 15/10/2025 | 15/10/2025 | TESISPOSTGRADO | disponible |